[Event "Ljubljana-chT 67th"]
[Site "Gostovanja"]
[Date "2014.01.23"]
[Round "3.1"]
[White "Sindicic, Branko"]
[Black "Stevanic, David"]
[Result "1-0"]
[WhiteElo "1835"]
[BlackElo "1658"]
[PlyCount "107"]
[EventDate "2014.01.09"]
[EventType "team-tourn"]
[EventRounds "9"]
[EventCountry "SLO"]
[SourceTitle "EXT 2015"]
[Source "ChessBase"]
[SourceDate "2014.11.20"]
[SourceVersion "1"]
[SourceVersionDate "2014.11.20"]
[SourceQuality "1"]
[WhiteTeam "Zelenci LPP"]
[BlackTeam "Kocevje"]
[WhiteTeamCountry "SLO"]
[BlackTeamCountry "SLO"]

1. d4 Nf6 2. Nf3 e6 3. Bf4 d5 4. Nbd2 Nbd7 5. e3 Be7 6. h3 0-0 7. Bd3 c5 8. c3 b6 9. 0-0 Bb7 10. Qb1 h6 11. Re1 Re8 12. Nf1 Nf8 13. Ne5 N6d7 14. Bb5 a6 15. Ba4 b5 16. Bc2 f6 17. Ng6 Nxg6 18. Bxg6 Rf8 19. Qd1 e5 20. Bh2 Bc8 21. Ng3 Nb6 22. Nf5 Bxf5 23. Bxf5 Bd6 24. Qg4 Qe8 25. e4 h5 26. Qg3 Rd8 27. Bg6 exd4 28. Qxd6 Qxg6 29. Qxb6 dxe4 30. Qe6+ Kh8 31. Qxe4 Qxe4 32. Rxe4 d3 33. Bf4 c4 34. Bd2 Rd6 35. Rae1 Rfd8 36. Re8+ Rxe8 37. Rxe8+ Kh7 38. f3 Kg6 39. Kf2 Rc6 40. g4 hxg4 41. hxg4 Kf7 42. Re4 Rc8 43. Bf4 g5 44. Bd2 Rh8 45. Kg2 Rd8 46. Re1 Rd6 47. Re4 Rd8 48. b3 Rc8 49. bxc4 bxc4 50. Kf2 Kg6 51. Ke3 Rc6 52. Kd4 Rc8 53. Kd5 Rb8 54. Kxc4 1-0

[Event "Ljubljana op 1st"]
[Site "Ljubljana"]
[Date "2013.01.19"]
[Round "2"]
[White "Cizman, Gregor"]
[Black "Sindicic, Branko"]
[Result "1/2-1/2"]
[WhiteElo "1771"]
[BlackElo "1916"]
[PlyCount "99"]
[EventDate "2013.01.09"]
[EventType "swiss"]
[EventRounds "9"]
[EventCountry "SLO"]
[SourceTitle "EXT 2023"]
[Source "ChessBase"]
[SourceDate "2022.10.05"]
[SourceVersion "1"]
[SourceVersionDate "2022.10.05"]
[SourceQuality "1"]

1. d4 Nf6 2. Nf3 d5 3. Bf4 e6 4. e3 Be7 5. Bd3 Nbd7 6. Nbd2 0-0 7. h3 c5 8. c3 a6 9. 0-0 b5 10. a3 Bb7 11. Qe2 Re8 12. Rfe1 Nf8 13. dxc5 Bxc5 14. e4 Ng6 15. Bg5 Qc7 16. e5 Nd7 17. Bxg6 hxg6 18. Nb3 Bf8 19. Qd3 Nb6 20. Nbd4 Na4 21. Qe2 Nc5 22. Nd2 Be7 23. Bxe7 Qxe7 24. N2b3 Rec8 25. Nxc5 Rxc5 26. Rad1 Rc4 27. Rd3 Qh4 28. Qf3 Rcc8 29. Qg3 Qh6 30. Qe3 Qh4 31. Qg3 Qh7 32. Qg5 Rc7 33. Rf3 Re8 34. Rf4 Qh6 35. Qxh6 gxh6 36. Rf6 Bc8 37. h4 h5 38. Re3 Kg7 39. Rg3 Bd7 40. Rg5 a5 41. g4 hxg4 42. Rxg4 Rh8 43. Kg2 Rh5 44. Nf3 Rc4 45. Kg3 Re4 46. Ng5 Rxg4+ 47. Kxg4 Be8 48. Rf4 Rh8 49. Kg3 Rf8 50. Rf6 1/2-1/2

[Event "Ljubljana Autumn op"]
[Site "Ljubljana"]
[Date "2011.11.02"]
[Round "8"]
[White "Sindicic, Branko"]
[Black "Drobnic, Milan"]
[Result "1/2-1/2"]
[WhiteElo "1878"]
[BlackElo "1643"]
[PlyCount "174"]
[EventDate "2011.09.28"]
[EventType "swiss"]
[EventRounds "9"]
[EventCountry "SLO"]
[SourceTitle "EXT 2023"]
[Source "ChessBase"]
[SourceDate "2022.10.05"]
[SourceVersion "1"]
[SourceVersionDate "2022.10.05"]
[SourceQuality "1"]

1. d4 Nf6 2. c4 c5 3. e3 e6 4. Nf3 Nc6 5. Bd3 cxd4 6. exd4 Be7 7. Nc3 0-0 8. 0-0 d5 9. b3 b6 10. Bf4 Bb7 11. Rc1 Rc8 12. cxd5 Nxd5 13. Nxd5 Qxd5 14. Re1 Qd8 15. Bb1 Bf6 16. Be3 Qd7 17. Qd2 Rfd8 18. Red1 Ne7 19. Qd3 Nf5 20. Rxc8 Rxc8 21. Ne1 g6 22. Qe2 Ne7 23. Qg4 Bg7 24. h4 h5 25. Qh3 Nd5 26. Bd3 Nf6 27. Nf3 Ng4 28. Qg3 Nxe3 29. fxe3 Bxf3 30. Qxf3 Qd8 31. Rf1 Qe7 32. Bc4 Rf8 33. g3 Bh6 34. Kh2 Qd6 35. Kh3 Qd7 36. Kh2 Qd6 37. Qe4 Qa3 38. Kh3 Qd6 39. Rf3 Qd7 40. Kg2 Qe7 41. d5 e5 42. Rf2 Qd6 43. g4 hxg4 44. Qxg4 Bxe3 45. Rf3 Bf4 46. h5 Kg7 47. Rh3 Rh8 48. Kf3 a5 49. a4 Qc5 50. Ke2 Qd6 51. Bd3 Qb4 52. hxg6 Qd2+ 53. Kf1 Qc1+ 54. Kg2 Qd2+ 55. Kf1 Qc1+ 56. Kf2 Qd2+ 57. Be2 Qd4+ 58. Kf1 Rxh3 59. gxf7+ Kxf7 60. Qxh3 Qa1+ 61. Kg2 Qb2 62. Qd3 Qd4 63. Qf5+ Kg7 64. Qd7+ Kf6 65. Qe6+ Kg7 66. Qg4+ Kf6 67. Qe6+ Kg7 68. Qg4+ Kf6 69. Qf3 Qc5 70. Qg4 Qd6 71. Bf3 Kf7 72. Be4 Kf6 73. Qh5 Kg7 74. Qh7+ Kf6 75. Kf3 Qc5 76. Qg6+ Ke7 77. Qe6+ Kd8 78. Qf6+ Kc7 79. Kg4 Qd6 80. Qh8 Qd8 81. d6+ Qxd6 82. Qa8 Qe6+ 83. Bf5 Qc6 84. Qc8+ Kd6 85. Qd8+ Kc5 86. Qf8+ Kd4 87. Qd8+ Kc5 1/2-1/2

[Event "Ljubljana op 2nd"]
[Site "Ljubljana"]
[Date "2011.05.18"]
[Round "6"]
[White "Sindicic, Branko"]
[Black "Lucovnik, Tilen"]
[Result "0-1"]
[WhiteElo "1930"]
[BlackElo "1790"]
[PlyCount "124"]
[EventDate "2011.04.06"]
[EventType "swiss"]
[EventRounds "9"]
[EventCountry "SLO"]
[SourceTitle "EXT 2023"]
[Source "ChessBase"]
[SourceDate "2022.10.05"]
[SourceVersion "1"]
[SourceVersionDate "2022.10.05"]
[SourceQuality "1"]

1. b4 e6 2. Bb2 Nf6 3. a3 c5 4. b5 d5 5. Nf3 Bd6 6. d4 Nbd7 7. e3 0-0 8. Nbd2 c4 9. Bc3 a6 10. Bb4 Qe7 11. c3 axb5 12. Be2 Nb6 13. 0-0 Bxb4 14. axb4 Ra4 15. Qc2 Bd7 16. Ne5 Rfa8 17. Qb2 Qd8 18. Rxa4 bxa4 19. Ra1 Nc8 20. Bd1 b5 21. f3 Ne7 22. Nb1 Nc6 23. Nxd7 Nxd7 24. Qf2 e5 25. Bc2 exd4 26. exd4 Qg5 27. Na3 Na7 28. Re1 h6 29. Bb1 Kf8 30. h4 Qf4 31. g3 Qd6 32. Kg2 Re8 33. Bf5 Rxe1 34. Qxe1 Qe7 35. Qd2 Nb8 36. Kf2 Nbc6 37. Bb1 g5 38. h5 Qe6 39. Kg2 Ke7 40. f4 gxf4 41. Qxf4 Qe2+ 42. Kh3 Qb2 43. Qc7+ Kf8 44. Bg6 fxg6 45. hxg6 Ne7 46. Qf4+ Ke8 47. Qb8+ Nac8 48. Nxb5 Qb1 49. Nd6+ Kd7 50. Nf7 Qh1+ 51. Kg4 Qd1+ 52. Kh3 Nxg6 53. Qb7+ Ke8 54. Qxc8+ Kxf7 55. Qf5+ Ke7 56. Qxg6 Qh1+ 57. Kg4 Qe4+ 58. Qxe4+ dxe4 59. b5 a3 60. b6 Kd6 61. d5 a2 62. b7 Kc7 0-1

[Event "Ljubljana op 2nd"]
[Site "Ljubljana"]
[Date "2011.04.13"]
[Round "2"]
[White "Unuk, Laura"]
[Black "Sindicic, Branko"]
[Result "1/2-1/2"]
[WhiteElo "1739"]
[BlackElo "1930"]
[PlyCount "101"]
[EventDate "2011.04.06"]
[EventType "swiss"]
[EventRounds "9"]
[EventCountry "SLO"]
[SourceTitle "EXT 2023"]
[Source "ChessBase"]
[SourceDate "2022.10.05"]
[SourceVersion "1"]
[SourceVersionDate "2022.10.05"]
[SourceQuality "1"]

1. d4 Nf6 2. c4 g6 3. Nc3 Bg7 4. e4 d6 5. Nf3 0-0 6. Be2 b6 7. 0-0 c5 8. d5 Na6 9. Bd2 Nc7 10. Ne1 a6 11. f4 b5 12. Qc2 bxc4 13. Bxc4 Ng4 14. Nf3 Rb8 15. h3 Nf6 16. Rad1 Nb5 17. Be3 Qa5 18. Qd3 Nd7 19. Bd2 Nd4 20. Ne2 Nxe2+ 21. Qxe2 Qc7 22. b3 Qa7 23. Kh1 a5 24. Rb1 Nb6 25. Qd3 Nxc4 26. bxc4 Ba6 27. Bc3 Bxc3 28. Qxc3 Rb4 29. Nd2 Rfb8 30. Qc2 Qb7 31. a3 Rb2 32. Qc3 a4 33. Qd3 Qc7 34. Qc3 Qb6 35. Kg1 e6 36. Rfe1 Bc8 37. g4 Bd7 38. Kf1 Qb7 39. Qd3 Qa6 40. Qc3 Rxb1 41. Rxb1 Rxb1+ 42. Nxb1 exd5 43. exd5 h5 44. gxh5 Qc8 45. hxg6 Bxh3+ 46. Kf2 fxg6 47. Nd2 Qf5 48. Qe3 Qc2 49. Qe8+ Kg7 50. Qe7+ Kg8 51. Qe8+ 1/2-1/2

[Event "Ljubljana-chT 64th 2nd League"]
[Site "Ljubljana"]
[Date "2011.03.10"]
[Round "7.1"]
[White "Bajc, Tomaz"]
[Black "Sindicic, Branko"]
[Result "1/2-1/2"]
[WhiteElo "1701"]
[BlackElo "1930"]
[PlyCount "158"]
[EventDate "2011.01.13"]
[EventType "team-tourn"]
[EventRounds "9"]
[EventCountry "SLO"]
[SourceTitle "EXT 2022"]
[Source "ChessBase"]
[SourceDate "2021.10.06"]
[SourceVersion "1"]
[SourceVersionDate "2021.10.06"]
[SourceQuality "1"]

1. e4 g6 2. d4 Bg7 3. c3 d6 4. Nf3 Nf6 5. Nbd2 0-0 6. h3 b6 7. Bc4 Bb7 8. Qc2 Nbd7 9. 0-0 c5 10. d5 a6 11. a4 Nh5 12. g4 Nf4 13. Kh2 e5 14. Rg1 Rb8 15. Nf1 Bc8 16. Ng3 b5 17. Bf1 c4 18. b3 cxb3 19. Qxb3 Nc5 20. Qa2 Nxa4 21. c4 Bd7 22. cxb5 Bxb5 23. Qd2 Qb6 24. Ba3 Rfd8 25. Rc1 Rbc8 26. Qe3 Nc5 27. Ne2 Nfd3 28. Rc3 Qa5 29. Nd2 Qa4 30. Bg2 Nf4 31. Nc1 Bh6 32. Bf1 Bf8 33. Bxb5 axb5 34. Na2 Na6 35. Rb1 Rxc3 36. Qxc3 Ne2 37. Qb2 Nd4 38. Nc3 Qa5 39. Nb3 Qb6 40. Kg2 b4 41. Nxd4 exd4 42. Na2 Rb8 43. Nxb4 Qa5 44. Qxd4 Qxa3 45. Nc2 Qc5 46. Qxc5 dxc5 47. Ra1 Nb4 48. Ne3 Nd3 49. Ra3 c4 50. Rc3 Rb2 51. Nxc4 Rb4 52. Rxd3 Rxc4 53. d6 Rc8 54. e5 g5 55. Kf3 Bg7 56. Ke4 Kf8 57. Kf5 h6 58. f4 gxf4 59. Kxf4 Re8 60. Rd5 Ra8 61. Kf5 Ke8 62. e6 fxe6+ 63. Kxe6 Ra3 64. d7+ Kd8 65. Kf7 Ba1 66. Rh5 Ra6 67. g5 hxg5 68. Rxg5 Kxd7 69. Rd5+ Kc7 70. Rd3 Rf6+ 71. Ke7 Rh6 72. Ra3 Bf6+ 73. Kf7 Bd4 74. Rd3 Bc5 75. Kg7 Rh4 76. Kg6 Bd6 77. Kg5 Rh8 78. Rb3 Kc6 79. Rd3 Be5 1/2-1/2

[Event "SLO-chT3 West"]
[Site "Kranj"]
[Date "2010.11.20"]
[Round "2.2"]
[White "Sindicic, Branko"]
[Black "Bedic, Slavko"]
[Result "1-0"]
[WhiteElo "1927"]
[BlackElo "2046"]
[PlyCount "87"]
[EventDate "2010.11.19"]
[EventType "team-swiss"]
[EventRounds "5"]
[EventCountry "SLO"]
[SourceTitle "EXT 2022"]
[Source "ChessBase"]
[SourceDate "2021.10.06"]
[SourceVersion "1"]
[SourceVersionDate "2021.10.06"]
[SourceQuality "1"]
[WhiteTeam "Podpec MKK"]
[BlackTeam "Stari Trg ob Kolpi"]
[WhiteTeamCountry "SLO"]
[BlackTeamCountry "SLO"]

1. Nf3 Nf6 2. c4 b6 3. Nc3 e6 4. d3 Bb7 5. g3 d5 6. b3 Bb4 7. Bd2 Qe7 8. Bg2 0-0 9. 0-0 Rd8 10. Qc2 Na6 11. Ne5 c6 12. Rad1 Rac8 13. Qc1 Nc5 14. Bg5 h6 15. Bd2 Ncd7 16. Nf3 e5 17. Bh3 d4 18. Nb1 Bd6 19. Nh4 Qe8 20. Nf5 Bf8 21. e4 dxe3 22. Bxe3 Nc5 23. Qc2 Ne6 24. Rfe1 c5 25. Nh4 g5 26. Bg2 Bxg2 27. Nxg2 Qc6 28. h4 Qf3 29. hxg5 hxg5 30. Nd2 Qg4 31. Nf1 Kg7 32. Nh2 Qh5 33. f3 Be7 34. Qe2 Rh8 35. Nf1 g4 36. f4 e4 37. d4 cxd4 38. Rxd4 Nxd4 39. Bxd4 Bc5 40. Bxc5 bxc5 41. Qb2 Rce8 42. Nh4 Re6 43. Ne3 Rd8 44. f5 1-0

[Event "SLO-chT3 West"]
[Site "Kranj"]
[Date "2010.11.20"]
[Round "3.1"]
[White "Sindicic, Branko"]
[Black "Ristov, Tase"]
[Result "1-0"]
[WhiteElo "1927"]
[BlackElo "1924"]
[PlyCount "107"]
[EventDate "2010.11.19"]
[EventType "team-swiss"]
[EventRounds "5"]
[EventCountry "SLO"]
[SourceTitle "EXT 2022"]
[Source "ChessBase"]
[SourceDate "2021.10.06"]
[SourceVersion "1"]
[SourceVersionDate "2021.10.06"]
[SourceQuality "1"]
[WhiteTeam "Podpec MKK"]
[BlackTeam "Kranj Stari Mayr II"]
[WhiteTeamCountry "SLO"]
[BlackTeamCountry "SLO"]

1. Nf3 Nc6 2. d4 d5 3. Bf4 e6 4. e3 a6 5. Bd3 Nf6 6. 0-0 Bd6 7. Bg5 h6 8. Bh4 Be7 9. Nbd2 Nb4 10. Be2 c5 11. c3 Nc6 12. Re1 c4 13. b3 b5 14. bxc4 bxc4 15. Rb1 Qa5 16. Qc2 Bd7 17. Bxf6 Bxf6 18. e4 Bg5 19. h4 Bf4 20. g3 Bd6 21. Nh2 0-0 22. f4 f5 23. exd5 exd5 24. Nhf3 Rfe8 25. Ne5 Bxe5 26. fxe5 Ne7 27. Rb4 Nc6 28. Rb7 Bc8 29. Rb2 Bd7 30. Reb1 Rab8 31. Bf3 Rxb2 32. Rxb2 Rb8 33. Nf1 Be6 34. Ne3 Rxb2 35. Qxb2 Nxd4 36. cxd4 Qe1+ 37. Nf1 c3 38. Qc2 f4 39. gxf4 Qxh4 40. Qxc3 Qxf4 41. Qe3 Qh4 42. Bg2 g5 43. Qf2 Qg4 44. Qd2 h5 45. Nh2 Qg3 46. Nf3 h4 47. Qxg5+ Kf8 48. Qf6+ Bf7 49. e6 Qg7 50. Qxg7+ Kxg7 51. exf7 Kxf7 52. Kf2 Ke6 53. Ke3 a5 54. Nxh4 1-0

[Event "SLO-chT3 West"]
[Site "Kranj"]
[Date "2010.11.19"]
[Round "1.4"]
[White "Mlacnik, Janez"]
[Black "Sindicic, Branko"]
[Result "1-0"]
[WhiteElo "1854"]
[BlackElo "1927"]
[PlyCount "61"]
[EventDate "2010.11.19"]
[EventType "team-swiss"]
[EventRounds "5"]
[EventCountry "SLO"]
[SourceTitle "EXT 2022"]
[Source "ChessBase"]
[SourceDate "2021.10.06"]
[SourceVersion "1"]
[SourceVersionDate "2021.10.06"]
[SourceQuality "1"]
[WhiteTeam "Ljubljana Karel Jeraj"]
[BlackTeam "Podpec MKK"]
[WhiteTeamCountry "SLO"]
[BlackTeamCountry "SLO"]

1. d4 d5 2. Nf3 Nf6 3. e3 g6 4. Bd3 Bg7 5. 0-0 0-0 6. Nbd2 b6 7. Re1 c5 8. c3 Bb7 9. b3 Nbd7 10. Bb2 Rc8 11. Qe2 Qc7 12. Rec1 Rfe8 13. c4 e6 14. e4 Qf4 15. e5 Nh5 16. g3 Qh6 17. Nf1 Bf8 18. Ne3 Qg7 19. cxd5 exd5 20. Bb5 Bc6 21. Bxc6 Rxc6 22. Nxd5 Rec8 23. dxc5 Qh6 24. Nd4 Rxc5 25. e6 Ndf6 26. exf7+ Kh8 27. Rxc5 bxc5 28. Ne6 Bg7 29. Nxg7 Qxg7 30. Nxf6 Nxf6 31. Qe6 1-0

[Event "Ljubljana-chT 63rd 2nd League"]
[Site "Ljubljana"]
[Date "2010.03.04"]
[Round "7.1"]
[White "Sindicic, Branko"]
[Black "Bajc, Tomaz"]
[Result "0-1"]
[WhiteElo "1922"]
[BlackElo "1701"]
[PlyCount "85"]
[EventDate "2010.01.07"]
[EventType "team-tourn"]
[EventRounds "9"]
[EventCountry "SLO"]
[SourceTitle "EXT 2022"]
[Source "ChessBase"]
[SourceDate "2021.10.06"]
[SourceVersion "1"]
[SourceVersionDate "2021.10.06"]
[SourceQuality "1"]
[WhiteTeam "Zelenci LPP"]
[BlackTeam "Ljubljana Toplarna"]
[WhiteTeamCountry "SLO"]
[BlackTeamCountry "SLO"]

1. c4 Nf6 2. Nf3 e6 3. d4 b6 4. g3 Bb7 5. Bg2 Bb4+ 6. Nc3 0-0 7. 0-0 d5 8. Ne5 h6 9. a3 Bxc3 10. bxc3 Nbd7 11. f4 Rb8 12. Re1 Ne4 13. Bxe4 dxe4 14. e3 Nf6 15. a4 a5 16. Ba3 Re8 17. Rb1 Nd7 18. Qh5 Nxe5 19. fxe5 Qg5 20. Qe2 Ba6 21. Rf1 Rec8 22. Rf4 c5 23. Qf2 cxd4 24. cxd4 Bxc4 25. Rxf7 Bd3 26. Rc1 Rxc1+ 27. Bxc1 Rc8 28. Bd2 Rc2 29. Rf4 Rb2 30. Qe1 Rb1 31. Bc1 Qd8 32. Qc3 Qe8 33. Kg2 Qxa4 34. Qc8+ Kh7 35. Qxe6 Rxc1 36. Qf5+ Kg8 37. Qf8+ Kh7 38. Rf7 Qa2+ 39. Kh3 Bf1+ 40. Kh4 Qxh2+ 41. Kg4 Be2+ 42. Kf4 Qf2+ 43. Kxe4 0-1

[Event "SLO-chT2 West"]
[Site "Kranj"]
[Date "2008.10.12"]
[Round "4.4"]
[White "Rifelj, Luka"]
[Black "Sindicic, Branko"]
[Result "1-0"]
[WhiteElo "1814"]
[BlackElo "2053"]
[PlyCount "35"]
[EventDate "2008.10.11"]
[EventType "team-swiss"]
[EventRounds "9"]
[EventCountry "SLO"]
[SourceTitle "EXT 2010"]
[Source "ChessBase"]
[SourceDate "2010.11.25"]
[SourceVersion "1"]
[SourceVersionDate "2010.11.25"]
[SourceQuality "1"]
[WhiteTeam "Krka Novo Mesto"]
[BlackTeam "Upokojenci Komandant Stane"]
[WhiteTeamCountry "SLO"]
[BlackTeamCountry "SLO"]

1. d4 Nf6 2. c4 e5 3. dxe5 Ng4 4. Bf4 Nc6 5. Nf3 Bb4+ 6. Nbd2 Qe7 7. a3 Bc5 8. e3 a5 9. Ne4 Ngxe5 10. Nxe5 Nxe5 11. Qd5 Ng6 12. Bxc7 Ra6 13. Rd1 Rc6 14. Bd6 Bxd6 15. Nxd6+ Kf8 16. Nxc8 Rxc8 17. Qxd7 Qc5 18. Rd5 1-0

[Event "SLO-chT"]
[Site "Bled"]
[Date "2005.11.05"]
[Round "3"]
[White "Luzar, Emil"]
[Black "Sindicic, Branko"]
[Result "1-0"]
[WhiteElo "2183"]
[BlackElo "1799"]
[PlyCount "109"]
[EventDate "2005.11.03"]
[EventType "team"]
[EventRounds "9"]
[EventCountry "SLO"]
[SourceTitle "CBM 109 Extra"]
[Source "ChessBase"]
[SourceDate "2006.01.03"]
[SourceVersion "2"]
[SourceVersionDate "2006.01.03"]
[SourceQuality "1"]

1. e4 g6 2. d4 Bg7 3. Nc3 d6 4. Bc4 c6 5. a4 Nf6 6. f3 0-0 7. Nge2 Nbd7 8. Be3 e5 9. d5 Nb6 10. Bb3 cxd5 11. exd5 Bd7 12. a5 Nc8 13. Qd2 Ne7 14. Bh6 Rc8 15. Bxg7 Kxg7 16. h4 h6 17. g4 Nfg8 18. g5 h5 19. f4 Nf5 20. fxe5 dxe5 21. Ne4 Bb5 22. c3 Nd6 23. Nxd6 Qxd6 24. 0-0-0 Bd7 25. Ng3 Bg4 26. Rde1 f5 27. gxf6+ Nxf6 28. Qg5 Rfe8 29. Rhf1 e4 30. Rf4 Nh7 31. Nxh5+ Bxh5 32. Qg3 Nf6 33. Qe3 Bf3 34. Ba4 Rf8 35. h5 Nxd5 36. Qd4+ Kh6 37. Rxf8 Rxf8 38. hxg6 Qf4+ 39. Kb1 Qg3 40. Rg1 Bg2 41. Qxd5 e3 42. Qxg2 Qxg2 43. Rxg2 Rf2 44. Rxf2 exf2 45. Bb5 Kxg6 46. Kc2 Kf5 47. Bd3+ Kf4 48. b4 Ke3 49. Bf1 b6 50. axb6 axb6 51. c4 Kd4 52. Kb3 Ke5 53. Ka4 Kd6 54. Kb5 Kc7 55. Bg2 1-0

[Event "SLO-chT"]
[Site "Bled"]
[Date "2005.11.05"]
[Round "4"]
[White "Sindicic, Branko"]
[Black "Treursic, Goran"]
[Result "1/2-1/2"]
[WhiteElo "1799"]
[BlackElo "1968"]
[PlyCount "79"]
[EventDate "2005.11.03"]
[EventType "team"]
[EventRounds "9"]
[EventCountry "SLO"]
[SourceTitle "CBM 109 Extra"]
[Source "ChessBase"]
[SourceDate "2006.01.03"]
[SourceVersion "2"]
[SourceVersionDate "2006.01.03"]
[SourceQuality "1"]

1. Nf3 d5 2. d4 c6 3. Bd2 Qb6 4. Qc1 Bg4 5. c3 e6 6. h3 Bh5 7. Ne5 Nf6 8. f3 Nbd7 9. Nd3 Bd6 10. Be3 Bg3+ 11. Bf2 Bxf2+ 12. Nxf2 c5 13. e3 0-0 14. Bd3 Rac8 15. 0-0 Qd6 16. Nh1 Rc7 17. Nd2 e5 18. Qe1 exd4 19. cxd4 cxd4 20. exd4 Re8 21. Qf2 Bg6 22. Bxg6 hxg6 23. Rac1 Rec8 24. Rxc7 Qxc7 25. Ng3 Qc2 26. Nb3 Kf8 27. Rc1 Qxf2+ 28. Kxf2 Rxc1 29. Nxc1 Ke7 30. Ke3 Ne8 31. Nd3 Nd6 32. b3 b6 33. Nb4 Ke6 34. Ne2 g5 35. g4 a5 36. Nd3 f5 37. Kd2 g6 38. a4 Nf7 39. Kc3 Nd6 40. Nb2 1/2-1/2